000 00520nam a2200193Ia 4500
003 OSt
005 20250203134437.0
008 210716s1993 xx 000 0 und d
020 _a0679425136
040 _cAIMIT LIBRARY
041 _aeng
082 _a823.914
_21
_bCARJ
100 _aCarre, John Le.
_9197168
245 _aNight manager /
_cBy John Le Carre.
250 _a1st ed.
260 _aNew York :
_bAlfred A Knopf Inc ;
_c1993.
300 _a429p. ;
_bPB
_c23 cm.
942 _2ddc
_cBK
_e1st ed.
_k823.914 CARJ
999 _c203177
_d203177